Česká ekonomika ve světle alternativních ukazatelů ekonomické výkonnosti a blahobytu
Tradičný ukazovateľ HDP a niektoré obsahové a metodické problémy spojené s jeho odhadom. Ukazovatele národného dôchodku a čistého produktu a dôchodku, ktoré zohľadňujú toky prvotných dôchodkov medzi národnou ekonomikou a svetom a spotrebou fixného kapitálu. Ukazovatele reálneho dôchodku, ktoré berú...
Salvato in:
| Autore principale: | |
|---|---|
| Natura: | Capitolo di libro |
| Lingua: | ceco |
| Soggetti: | |
| Tags: |
Nessun Tag, puoi essere il primo ad aggiungerne!!
|
MARC
| LEADER | 00000naa$a2200000$$$4500 | ||
|---|---|---|---|
| 001 | 0068203 | ||
| 005 | 20231102111347.7 | ||
| 041 | 0 | |a cze | |
| 044 | |a CZ | ||
| 245 | 1 | 0 | |a Česká ekonomika ve světle alternativních ukazatelů ekonomické výkonnosti a blahobytu |c Vojtěch Spěváček |
| 520 | |a Tradičný ukazovateľ HDP a niektoré obsahové a metodické problémy spojené s jeho odhadom. Ukazovatele národného dôchodku a čistého produktu a dôchodku, ktoré zohľadňujú toky prvotných dôchodkov medzi národnou ekonomikou a svetom a spotrebou fixného kapitálu. Ukazovatele reálneho dôchodku, ktoré berú do úvahy prínosy resp. straty dôchodku vyplývajúce zo zmien výmenných relácií. Analýza vývoja konečnej spotreby, disponibilných dôchodkov a úspor domácností, ktoré vypovedajú o raste blahobytu obyvateľstva. | ||
| 610 | 2 | 0 | |a analýza ekonomická |
| 610 | 2 | 0 | |a politika hospodárska |
| 610 | 2 | 0 | |a produkt domáci čistý |
| 610 | 2 | 0 | |a Česko |
| 610 | 2 | 0 | |a blahobyt |
| 610 | 2 | 0 | |a príjmy obyvateľstva |
| 610 | 2 | 0 | |a výkonnosť ekonomiky |
| 100 | 1 | |a Spěváček, Vojtěch | |